000 01639nam a2200373 c 4500
003 BLK
005 20241126094357.0
008 180411b bul|||||r ||||||| ||bul||
010 _aKNG00195038000
020 _a978-954-28-1576-1
_bиздат.: Сиела Норма
040 _aBLK
041 _aBUL
_cBUL
072 7 _2bullib
_aН83
_xЧужда художествена литература Н
080 _aИталианска литература
_b821.131.1
_x-31
_z821.131.1-31
100 1 _aМоравия, Алберто
_eпърви автор
_gПинкерле, Алберто
_999043
700 1 _aЖелязкова, Анелия
_eпрев. от итал.
_9344011
700 1 _aПинкерле, Алберто
_e*
_9323246
139 _aМоравия, Алберто
_bМ 89
245 1 0 _aРимлянката
_bРоман
_cАлберто Моравия; прев. от итал. Анелия Желязкова; * Алберто Пинкерле.
257 _aITA
260 София
_bСиела Норма
_c2014
300 _a408 с.
_c21 см
380 _aX
490 1 _aПопулярна класика
500 _a1. изд. 1989 на ОФ. - Ориг. загл. La Romana / Alberto Moravia. - Алберто Моравия - псевд. на Алберто Пинкерле. - Съдържа и за авт.
653 _aромани
659 _aН
852 _aЦб 282989
856 4 _qpdf
_u
856 4 _qpdf
_u
942 _cKNG
_n0
_019
944 _aCR
_c03.11.2016
_lЦветелина Шанова
_k30531
944 _aED
_c15.11.2016
_lф /
_kЛюдмила_Стоянова
999 _c186044
_d186044